000 00767nam a2200229 a 4500
001 BRCA_9062
005 20190320210518.0
008 040917s1791----sp-#######---#000-0#spa-#
041 _aspa
044 _asp
084 _aCO95
_b.M37 1791
100 1 _aMartínez, Manuel Silvestre
_921602
245 1 0 _aLibrería de jueces, utilísima, y universal...
_btomo II...
_csu autor Don Manuel Sylvestre Martínez...
250 _a7a ed.
260 _aMadrid
_bEn la Imprenta de Don Benito Cano
_c1791
300 _a[6], 320 p. (t.2)
_c20.2 x 16 cm
500 _aCon privilegio
500 _aEstado físico: presenta encuadernación en pergamino con la tapa superior deteriorada
650 1 4 _aJuisprudencia
_yS. XVIII
_zEspaña
_921937
902 _aCFM
942 _2lcc
_cB
999 _c8712
_d8712